| 000 | 01074pam a2200361 i 4500 | ||
|---|---|---|---|
| 999 |
_c941 _d941 |
||
| 001 | 016974430 | ||
| 003 | Uk | ||
| 005 | 20191227102947.0 | ||
| 008 | 140714r20152014enk j 000|1|eng|d | ||
| 015 |
_aGBB4E5104 _2bnb |
||
| 016 | 7 |
_a016974430 _2Uk |
|
| 020 | _a9781406355819 (pbk.) : | ||
| 040 |
_aStDuBDS _beng _cStDuBDS _dUk _erda |
||
| 042 | _aukblcatcopy | ||
| 082 | _aFIC CLA | ||
| 100 | 1 |
_aClare, Cassandra, _eauthor. |
|
| 245 | 1 | 0 |
_aCity of heavenly fire / _cCassandra Clare. |
| 246 | _aShadowhunters | ||
| 264 | 1 |
_aLondon : _bWalker Books, _c2015. |
|
| 264 | 4 | _c©2014 | |
| 300 |
_a637 pages ; _bmap : _c20 cm. |
||
| 336 |
_atext _2rdacontent |
||
| 337 |
_aunmediated _2rdamedia |
||
| 338 |
_avolume _2rdacarrier |
||
| 490 | 0 |
_aThe mortal instruments ; _vbook 6 |
|
| 500 | _aOriginally published: 2014. | ||
| 500 |
_aFormerly CIP. _5Uk |
||
| 650 | 0 |
_aFray, Clary (Fictitious character) _vFiction. |
|
| 650 | 0 |
_aLewis, Simon (Fictitious character) _vFiction. |
|
| 655 | 0 | _aParanormal romance stories. | |
| 655 | 0 | _aYoung adult fiction. | |
| 942 |
_2ddc _cFIC |
||